|
|
|
|
| LEADER |
01296nam a2200361 a 4500 |
| 001 |
EBC3386076 |
| 003 |
MiAaPQ |
| 005 |
20200520144314.0 |
| 006 |
m o d | |
| 007 |
cr cn||||||||| |
| 008 |
000107s2000 enk sb 001 0 eng |
| 010 |
|
|
|z 99037471
|
| 015 |
|
|
|a GBA0-4337
|
| 016 |
7 |
|
|a 0745313469
|2 Uk
|
| 020 |
|
|
|z 0745313469
|
| 035 |
|
|
|a (MiAaPQ)EBC3386076
|
| 035 |
|
|
|a (Au-PeEL)EBL3386076
|
| 035 |
|
|
|a (CaPaEBR)ebr2001158
|
| 035 |
|
|
|a (OCoLC)923330320
|
| 040 |
|
|
|a MiAaPQ
|c MiAaPQ
|d MiAaPQ
|
| 050 |
|
4 |
|a HD2365
|b .L96 2000
|
| 082 |
0 |
4 |
|a 658.723
|2 21
|
| 100 |
1 |
|
|a Lyons, Kevin J.
|
| 245 |
1 |
0 |
|a Buying for the future
|h [electronic resource] :
|b contract management and the environmental challenge /
|c Kevin Lyons.
|
| 260 |
|
|
|a London :
|b Pluto Press in association with WWF,
|c 2000.
|
| 300 |
|
|
|a ix, 161 p.
|
| 504 |
|
|
|a Includes bibliographical references and index.
|
| 533 |
|
|
|a Electronic reproduction. Ann Arbor, MI : ProQuest, 2015. Available via World Wide Web. Access may be limited to ProQuest affiliated libraries.
|
| 650 |
|
0 |
|a Management contracts.
|
| 650 |
|
0 |
|a Industrial procurement.
|
| 655 |
|
4 |
|a Electronic books.
|
| 710 |
2 |
|
|a ProQuest (Firm)
|
| 856 |
4 |
0 |
|u https://ebookcentral.proquest.com/lib/matrademy/detail.action?docID=3386076
|z Click to View
|